000 00204nam a2200085 4500
001 1258280
005 20260304124012.0
245 _aYENİ BAŞLAYANLAR İÇİN BAHÇECİLİK
_cEMİLY BONE
260 _bTÜBİTAK
999 _c1258280
_d1258280